| 000 | 00479cam a2200181ua 4500 | ||
|---|---|---|---|
| 020 | _cRs 7.50 | ||
| 041 |
_amal _h |
||
| 082 |
_a894.812 09 _bPAR/KE |
||
| 100 | _aParameswara Aiyer, Ullur. | ||
| 245 |
_aKerala sahitya charitram / _cUllur Parameswara Aiyer. _hTextual Documents |
||
| 250 |
_a1 / _b. |
||
| 260 |
_aThiruvananthapuram : _bUniversity of Kerala , _c1962. |
||
| 300 | _a682 ; . | ||
| 365 | _aRs 7.50 | ||
| 504 | _a | ||
| 942 | _cBK | ||
| 999 |
_c4137 _d4137 |
||